| 000 | 00857cab a2200253 4500 | ||
|---|---|---|---|
| 001 | WB3406-31 | ||
| 008 | 090401t1998 xxu||||| |||| 00| 0 eng d | ||
| 035 | _a(Sirsi) u84141 | ||
| 041 | _aeng | ||
| 245 | _aEssex design agenda | ||
| 260 | _c1998 | ||
| 350 | _a0 | ||
| 490 |
_aPlanning (for the Natural and Built Environment) _v(1254) 6 February 1998, 8(1) |
||
| 520 | _aA revised planning guide from Essex County Council encourages developers to look at issues such as, crime prevention and car-free zones. "The Essex Design Guide for Residential and Mixed use Areas" replaces that published in 1973. | ||
| 650 | _aCRIME PREVENTION | ||
| 650 | _aESSEX CC | ||
| 650 | _aGUIDE | ||
| 650 | _aMIXED USE | ||
| 650 | _aPLANNING POLICY | ||
| 650 | _aRESIDENTIAL AREAS | ||
| 690 | _aPLANNING LAW AND PRACTICE | ||
| 942 | _n0 | ||
| 948 | _c10/02/1998 | ||
| 999 |
_c52861 _d52861 |
||